00802nam a2200229 450000100060000000300080000600500170001400800410003103500190007204000270009104100080011808200220012610000350014824501450018326000480032830000240037635000110040050400510041165000180046265100510048070000410053128425BD-RjUL20211209051300.0140330s1970 nyu b 001 0 eng d a(BD-RjUL)28506 aDLCcDLCdBD-RjULbeng aeng00a309.18bDUQ 19701 aDuncan, Walter Raymond,d1936-14aThe quest for change in Latin America :bsources for a twentieth-century analysis /cedited by W. Raymond Duncan and James Nelson Goodsell. aNew York :bOxford University Press,c1970. axiv, 562 p.c22 cm. a$12.50 aIncludes bibliographical references and index. aLatin America 0aLatin AmericaxHistoryy20th centuryxSources.1 aGoodsell, James Nelson,ejoint comp.